000 00939nam a2200277 i 4500
003 DO-SdBNP
005 20240411103729.0
007 ta
008 240411b2023 dr ||||| |||| 00| 0 spa d
020 _a9789945635850
040 _aDO-SdBNP
_bspa
_cBNPHU
_erda
082 4 _222
100 1 _aTapia Nin, Clara Elisa,
_eautora
_985185
245 1 3 _aUn grito del alma :
_bquiero expresarte con versos las plegarias de mi alma. Poemas al creador /
_cClara Elisa Tapia Nin ; prólogo, Miguel Ángel Moreno
250 _a2a edición
264 _aSanto Domingo :
_bSantuario,
_c2023
300 _a62 páginas ;
_c23 cm.
336 _2rdacontent
_atexto
_btxt
337 _2rdamedia
_asin mediación
_bn
338 _2rdacarrier
_avolumen
_bnc
500 _aIncluye datos biográficos del autor en las solapas
590 _aInventariado, 2024/BT
700 1 _aMoreno, Miguel Ángel,
_eprólogo
_978036
910 _aBtavárez
942 _2ddc
_cLF2
999 _c56338
_d56338